000 00521nam a2200181Ia 4500
001 16309
005 20260306170300.0
008 260306t2007||||xx |||||||||||||| ||und||
041 _aESP
082 _a347.85
_bR93
100 _aRuíz Torres, Gustavo (comp.)
_eAUT
245 0 _aLa justicia especializada comercial :
_bselección de autos y sentencias de la sala y juzgados comerciales de Lima
260 _c2007
300 _a523 páginas :
_c24 cm.
650 _aGEN
654 _aCAN
942 _cLIB
_dJUS
_fJUS
_2ddc
_n
999 _c16309
_d16309